Ten Lowest Ranking FIFA Countries by Year (Women's) - Statistics

General Stats
  • This quiz has been taken 17 times
    4 since last reset
  • The average score is 15 of 31
Answer Stats
# Years Team % Correct
2 Afghanistan
75%
4 Anguilla
75%
1 Djibouti
75%
4 Eswatini
75%
2 Lesotho
75%
1 Pakistan
75%
7 Andorra
50%
3 Antigua and Barbuda
50%
7 Aruba
50%
2 Bahamas
50%
2 Belize
50%
3 British Virgin Islands
50%
6 Comoros
50%
4 Curaçao
50%
1 Grenada
50%
1 Liechtenstein
50%
8 Madagascar
50%
4 Malawi
50%
1 Maldives
50%
7 Mauritius
50%
1 Rwanda
50%
4 South Sudan
50%
7 Bhutan
25%
4 Botswana
25%
1 Dominica
25%
3 Kenya
25%
3 Mozambique
25%
1 Tanzania
25%
4 Turks and Caicos Islands
25%
1 Uganda
25%
1 US Virgin Islands
25%
No matching quizzes found
Score Distribution
Percent of People with Each Score
Percentile by Number Answered
Your Score History
You have not taken this quiz since the last reset